The Bible and the common reader. (Record no. 3348)

000 -LEADER
fixed length control field 00621nam a2200205 a 4500
001 - CONTROL NUMBER
control field :::00001078$&:&@@
003 - CONTROL NUMBER IDENTIFIER
control field OkBaRHE
005 - DATE AND TIME OF LATEST TRANSACTION
control field 20100331161038.0
008 - FIXED-LENGTH DATA ELEMENTS--GENERAL INFORMATION
fixed length control field s1944 j 000 0 eng u
040 ## - CATALOGING SOURCE
Transcribing agency
100 1# - MAIN ENTRY--PERSONAL NAME
Personal name Chase, Mary Ellen, 1887-1973.
245 14 - TITLE STATEMENT
Title The Bible and the common reader.
250 ## - EDITION STATEMENT
Edition statement Rev. ed.
260 ## - PUBLICATION, DISTRIBUTION, ETC. (IMPRINT)
Place of publication, distribution, etc New York
Name of publisher, distributor, etc Macmillan
Date of publication, distribution, etc 1944
300 ## - PHYSICAL DESCRIPTION
Extent xv, 316 p. : maps. ;
Dimensions 22 cm.
650 ## - SUBJECT ADDED ENTRY--TOPICAL TERM
Topical term or geographic name as entry element Bible
General subdivision Introductions.
650 ## - SUBJECT ADDED ENTRY--TOPICAL TERM
Topical term or geographic name as entry element Bible as literature.
942 ## - ADDED ENTRY ELEMENTS (KOHA)
Source of classification or shelving scheme
Koha item type Books
Copies
Lost status Shelving location Permanent Location Source of classification or shelving scheme Withdrawn status Full call number Barcode Date acquired Koha item type Damaged status Price effective from Copy number Date last seen Not for loan
 General StacksRHEMA Bible Training College  BS 535 .C47 194410782010-04-14Books 2010-04-1412010-04-14